000 00592nam a2200193 4500
001 118941
003 ES-MaACL
005 20250728063128.0
007 t|
008 070214s1959 sp r ||||1| spa d
100 1 _aPeyramaure, Michel,
_d1922-2023
_991594
245 1 0 _aCleopatra
_b: novela /
_cMichel Peyramaure ; traducción del francés por Mª Dolores Soler.
250 _a1ª. ed.
260 _aBarcelona :
_bPlaneta,
_c1959.
300 _a365 p. ;
_c19 cm.
700 1 _aSoler, Mª Dolores.
_9107154
852 _aES-MaACL
_jC-17024
_bR.44487
999 _c118941
_d118941